Central Library OPAC University of Rajshahi

A guide to earth history / (Record no. 74997)

MARC details
000 -LEADER
fixed length control field 00836cam a2200301 a 4500
001 - CONTROL NUMBER
control field 74997
003 - CONTROL NUMBER IDENTIFIER
rucl marc code BD-RjUL
005 - DATE AND TIME OF LATEST TRANSACTION
control field 20211209082630.0
008 - FIXED-LENGTH DATA ELEMENTS--GENERAL INFORMATION
fixed length control field 910923s1956 enka b 000 0 eng
035 ## - SYSTEM CONTROL NUMBER
System control number (BD-RjUL)75215
System control number 135901
040 ## - CATALOGING SOURCE
Original cataloging agency ANL
Language of cataloging eng
Transcribing agency ANL
Modifying agency ABN:1
041 ## - LANGUAGE CODE
Language code of text/sound track or separate title eng
082 04 - DEWEY DECIMAL CLASSIFICATION NUMBER
Classification number 560
Edition number 23
Author mark and year CAG 1956
100 1# - MAIN ENTRY--PERSONAL NAME
Personal name Carrington, Richard.
9 (RLIN) 226690
245 12 - TITLE STATEMENT
Title A guide to earth history /
Statement of responsibility, etc. Richard Carrington ; illustrated by Maurice Wilson.
260 ## - PUBLICATION, DISTRIBUTION, ETC. (IMPRINT)
Place of publication, distribution, etc. London,
Name of publisher, distributor, etc. Chatto and Windus,
Date of publication, distribution, etc. 1956.
300 ## - PHYSICAL DESCRIPTION
Pagination 240 p.
Illustrations illus.
Size 22 cm.
504 ## - BIBLIOGRAPHY, ETC. NOTE
Bibliography, etc Includes bibliography.
650 #0 - SUBJECT ADDED ENTRY--TOPICAL TERM
Topical term or geographic name as entry element Paleontology.
9 (RLIN) 226691
Topical term or geographic name as entry element Evolution.
9 (RLIN) 226692
651 #0 - SUBJECT ADDED ENTRY--GEOGRAPHIC NAME
Geographic name Earth (Planet)
9 (RLIN) 226693
942 ## - ADDED ENTRY ELEMENTS (KOHA)
Source of classification or shelving scheme Dewey Decimal Classification
Koha item type Books
Holdings
Lost status Source of classification or shelving scheme Damaged status Not for loan Collection code Permanent Location Current Location Shelving location Date acquired Source of acquisition Cost, normal purchase price Total Checkouts Full call number Date last seen Copy number Koha item type
  Dewey Decimal Classification   Not For Loan Non-fiction Central Library, University of Rajshahi Central Library, University of Rajshahi Reading Room 17/09/1956 Pak-American. com 17.00   560 CAG 1956 07/01/2019 C-1 Books